Central Library OPAC University of Rajshahi

رحلة مع النقوش الكتابية الإسلامية في بلاد البنغا ل : دراسة تاريخية حضارية ;; Riḥlah maʻa al-nuqūsh al-kitābīyah al-Islāmīyah fī bilād al-Banghāl : (Record no. 77988)

MARC details
000 -LEADER
fixed length control field 01534cam a2200337 a 4500
001 - CONTROL NUMBER
control field 77988
003 - CONTROL NUMBER IDENTIFIER
rucl marc code BD-RjUL
005 - DATE AND TIME OF LATEST TRANSACTION
control field 20211209083056.0
008 - FIXED-LENGTH DATA ELEMENTS--GENERAL INFORMATION
fixed length control field 210227s2004 sy ab ab 001 0 ara d
020 ## - INTERNATIONAL STANDARD BOOK NUMBER
International Standard Book Number 159239339X
International Standard Book Number 096245950X
035 ## - SYSTEM CONTROL NUMBER
System control number (BD-RjUL)78214
040 ## - CATALOGING SOURCE
Original cataloging agency LB-BrSB
Transcribing agency LB-BrSB
Modifying agency PU
-- DLC-R
Language of cataloging eng
041 0# - LANGUAGE CODE
Language code of text/sound track or separate title ara
Language code of summary or abstract eng
082 ## - DEWEY DECIMAL CLASSIFICATION NUMBER
Edition number 23
Classification number 909.097671
Author mark and year SAR 2004
100 1# - MAIN ENTRY--PERSONAL NAME
Personal name صديق، محمد يوسف. ;; Siddiq, Mohammad Yusuf.
9 (RLIN) 245319
245 10 - TITLE STATEMENT
Title رحلة مع النقوش الكتابية الإسلامية في بلاد البنغا ل : دراسة تاريخية حضارية ;; Riḥlah maʻa al-nuqūsh al-kitābīyah al-Islāmīyah fī bilād al-Banghāl :
Remainder of title dirāsah tārīkhīyah ḥaḍārīyah /
Statement of responsibility, etc. محمد يوسف صديق. ;; Muḥammad Yūsuf Ṣiddīq.
246 1# - VARYING FORM OF TITLE
Display text Title on p. [4] of cover:
Title proper/short title Epigraphical journey through Muslim Bengal
Title proper/short title Rihḷa ma'a al-nuqūsh al-kitābiyya al-Islāmiyya fī bilād al-Bangāl
250 ## - EDITION STATEMENT
Edition statement al-Ṭabʻah 1.
260 ## - PUBLICATION, DISTRIBUTION, ETC. (IMPRINT)
Place of publication, distribution, etc. Dimashq :
Name of publisher, distributor, etc. Dār al-Fikr,
Date of publication, distribution, etc. 2004.
300 ## - PHYSICAL DESCRIPTION
Pagination 492 p. :
Illustrations ill., maps ;
Size 25 cm.
504 ## - BIBLIOGRAPHY, ETC. NOTE
Bibliography, etc Includes bibliographical references (p. 448-450, 490-477) and indexes.
650 #0 - SUBJECT ADDED ENTRY--TOPICAL TERM
Topical term or geographic name as entry element Islamic inscriptions
Geographic subdivision India
-- Bengal.
9 (RLIN) 245320
Topical term or geographic name as entry element Islamic inscriptions
Geographic subdivision Bangladesh.
9 (RLIN) 245321
Topical term or geographic name as entry element Inscriptions, Arabic
Geographic subdivision India
-- Bengal.
9 (RLIN) 245322
Topical term or geographic name as entry element Inscriptions, Arabic
Geographic subdivision Bangladesh.
9 (RLIN) 245323
942 ## - ADDED ENTRY ELEMENTS (KOHA)
Source of classification or shelving scheme Dewey Decimal Classification
Koha item type Books
Holdings
Lost status Source of classification or shelving scheme Damaged status Not for loan Collection code Permanent Location Current Location Shelving location Date acquired Total Checkouts Full call number Date last seen Copy number Koha item type
  Dewey Decimal Classification   Not For Loan Non-fiction Central Library, University of Rajshahi Central Library, University of Rajshahi Reading Room 08/10/2007   A 909.097671 SAR 2004 27/02/2021 C-1 Books